[Event "Clusane op 1st"]
[Site "Clusane"]
[Date "2024.03.03"]
[Round "6"]
[White "Cocchi, Andrea"]
[Black "Marcenaro, Alessandro"]
[Result "1/2-1/2"]
[WhiteElo "2178"]
[BlackElo "2031"]
[PlyCount "47"]
[EventDate "2024.02.29"]
[EventType "swiss"]
[EventRounds "7"]
[EventCountry "ITA"]
[SourceTitle "CB11_2024"]
[SourceDate "2024.03.13"]
[SourceVersion "1"]
[SourceVersionDate "2024.03.13"]
[SourceQuality "1"]

1. Nf3 d5 2. e3 c5 3. b3 Nf6 4. Bb2 Nc6 5. Bb5 Bg4 6. h3 Bd7 7. 0-0 a6 8. Bxc6 Bxc6 9. Ne5 Qc7 10. d3 g6 11. Nxc6 Qxc6 12. Qf3 Bg7 13. c4 Rd8 14. Nc3 0-0 15. Rfd1 Rd6 16. e4 dxe4 17. dxe4 Re6 18. Nd5 Nxe4 19. Bxg7 Kxg7 20. Nf4 Rf6 21. Re1 e5 22. Rxe4 Rxf4 23. Rxf4 exf4 24. Qxf4 1/2-1/2

[Event "Clusane op 1st"]
[Site "Clusane"]
[Date "2024.03.01"]
[Round "3"]
[White "Liloni, Francesco Mattia"]
[Black "Cocchi, Andrea"]
[Result "1-0"]
[WhiteElo "2087"]
[BlackElo "2178"]
[PlyCount "73"]
[EventDate "2024.02.29"]
[EventType "swiss"]
[EventRounds "7"]
[EventCountry "ITA"]
[SourceTitle "CB11_2024"]
[SourceDate "2024.03.13"]
[SourceVersion "1"]
[SourceVersionDate "2024.03.13"]
[SourceQuality "1"]

1. e4 Nc6 2. Nf3 d6 3. d4 Bg4 4. Be3 Nf6 5. Nbd2 e6 6. c3 Be7 7. Qb3 Qc8 8. Bd3 0-0 9. h3 Bxf3 10. Nxf3 a6 11. Qc2 e5 12. a3 Re8 13. 0-0 Nh5 14. Rfe1 Bf6 15. g4 Nf4 16. Bxf4 exf4 17. e5 dxe5 18. Bxh7+ Kh8 19. Bf5 Qd8 20. Qb3 Kg8 21. Qxb7 Na5 22. Qb4 c5 23. dxc5 Rb8 24. Rad1 Qc7 25. Qa4 Qxc5 26. b4 Qxc3 27. Rd3 Qc4 28. Nd2 Qc6 29. Qxa5 Red8 30. Rxd8+ Rxd8 31. Be4 Qc3 32. Nf3 Rd4 33. Qc5 Rc4 34. Qd5 g6 35. Bxg6 Rc7 36. Bd3 Qxa3 37. g5 1-0

[Event "ITA-ch sf 82nd"]
[Site "Villesse"]
[Date "2023.07.17"]
[Round "4"]
[White "Cocchi, Andrea"]
[Black "Massazza, Federico"]
[Result "1/2-1/2"]
[WhiteElo "2172"]
[BlackElo "2073"]
[PlyCount "62"]
[EventDate "2023.07.15"]
[EventType "swiss"]
[EventRounds "9"]
[EventCountry "ITA"]
[SourceTitle "CBM 215 Extra"]
[Source "ChessBase"]
[SourceDate "2023.09.30"]
[SourceVersion "1"]
[SourceVersionDate "2023.09.30"]
[SourceQuality "1"]

1. Nf3 d5 2. e3 Nf6 3. b3 Bg4 4. Bb2 e6 5. Be2 Nbd7 6. c4 Bd6 7. cxd5 exd5 8. Nd4 Bxe2 9. Qxe2 g6 10. 0-0 0-0 11. Na3 c6 12. Nac2 Qe7 13. Nf3 a5 14. Rab1 Rfe8 15. Rfc1 Ng4 16. h3 Nge5 17. Ncd4 a4 18. Nh2 axb3 19. axb3 Nc5 20. Ra1 Ned3 21. Rxa8 Rxa8 22. Ra1 Rxa1+ 23. Bxa1 h5 24. f4 Qe4 25. Qd1 Be7 26. Nhf3 Bf6 27. Bc3 Qe7 28. Qb1 Qe4 29. Qa1 Qe8 30. Qb1 Qe4 31. Qa1 Qe8 1/2-1/2

[Event "Forni di Sopra op 14th"]
[Site "Forni di Sopra"]
[Date "2023.06.13"]
[Round "5"]
[White "Cocchi, Andrea"]
[Black "Capaliku, Aleks"]
[Result "1-0"]
[WhiteElo "2167"]
[BlackElo "1972"]
[PlyCount "133"]
[EventDate "2023.06.10"]
[EventType "swiss"]
[EventRounds "9"]
[EventCountry "ITA"]
[SourceTitle "CBM 214 Extra"]
[Source "ChessBase"]
[SourceDate "2023.07.31"]
[SourceVersion "1"]
[SourceVersionDate "2023.07.31"]
[SourceQuality "1"]

1. Nf3 d5 2. b3 e6 3. Bb2 Nf6 4. e3 Bd6 5. c4 0-0 6. Nc3 c6 7. Qc2 Nbd7 8. Be2 Re8 9. 0-0 a6 10. d4 Nf8 11. e4 dxe4 12. Nxe4 Be7 13. Ne5 Nxe4 14. Qxe4 f6 15. Nd3 f5 16. Qe3 Bf6 17. Bf3 Qc7 18. Rfe1 Bd7 19. Bc3 b6 20. Ne5 Rad8 21. c5 Bxe5 22. dxe5 b5 23. Red1 Ng6 24. Bh5 Bc8 25. Rd6 Rxd6 26. exd6 Qf7 27. Be5 Bd7 28. a4 f4 29. Qd4 Qf5 30. Bxg6 Qxg6 31. Qxf4 Rf8 32. Qe3 b4 33. Re1 a5 34. Qd2 Qf5 35. h3 Rf7 36. Re3 h6 37. Qb2 Bc8 38. Rg3 g6 39. Qe2 Kh7 40. f4 Bd7 41. Kh2 Bc8 42. Rf3 Bd7 43. Bb2 Qxc5 44. Be5 Qb6 45. Rg3 Qd8 46. Qc2 Rf5 47. Rf3 Rf8 48. Qc5 Be8 49. Rd3 Bd7 50. Qa7 Rf7 51. Rg3 Rf5 52. Re3 Rf7 53. Qd4 Rf5 54. g4 Rf7 55. Kg3 Be8 56. Qc5 Bd7 57. h4 h5 58. gxh5 gxh5 59. Kh3 Rf5 60. Rg3 Qf8 61. Kh2 Be8 62. Qg1 Rxe5 63. fxe5 Qf4 64. Qe3 Qxh4+ 65. Kg1 Bg6 66. d7 Be4 67. Qg5 1-0

[Event "Forni di Sopra op 14th"]
[Site "Forni di Sopra"]
[Date "2023.06.12"]
[Round "4"]
[White "Nitin, Senthilvel"]
[Black "Cocchi, Andrea"]
[Result "1-0"]
[WhiteElo "2389"]
[BlackElo "2167"]
[PlyCount "167"]
[EventDate "2023.06.10"]
[EventType "swiss"]
[EventRounds "9"]
[EventCountry "ITA"]
[SourceTitle "CBM 214 Extra"]
[Source "ChessBase"]
[SourceDate "2023.07.31"]
[SourceVersion "1"]
[SourceVersionDate "2023.07.31"]
[SourceQuality "1"]

1. e4 c6 2. Nc3 d5 3. Nf3 dxe4 4. Nxe4 Nf6 5. Qe2 Nxe4 6. Qxe4 Qd5 7. Qh4 Bf5 8. Bc4 Qa5 9. 0-0 e6 10. d3 Be7 11. Qg3 0-0 12. Bf4 Bg6 13. Ne5 Qd8 14. Nxg6 hxg6 15. Bc7 Qc8 16. Rae1 b5 17. Bb3 Na6 18. Be5 Nc5 19. h4 a5 20. d4 Nxb3 21. axb3 Qd7 22. h5 g5 23. Qh3 Kh7 24. c3 a4 25. bxa4 bxa4 26. Qd3+ Kg8 27. h6 gxh6 28. f4 f5 29. fxg5 Bxg5 30. Qg3 a3 31. bxa3 Kh7 32. c4 Rg8 33. Qf3 Ra4 34. Qb3 Rga8 35. Ra1 Qa7 36. Rf3 Qe7 37. Rh3 Qd7 38. Kh1 Kg8 39. Qg3 Kf7 40. Qd3 c5 41. d5 exd5 42. cxd5 Re4 43. Bc3 Rae8 44. Rf1 Kg6 45. Bd2 c4 46. Qg3 Rg4 47. Qf2 Qxd5 48. Bxg5 hxg5 49. Rb1 Re6 50. a4 Rd4 51. Qf3 Qxf3 52. Rxf3 Rc6 53. Rc3 f4 54. a5 Kf5 55. Ra1 Ra6 56. Rac1 Rxa5 57. Rxc4 Rxc4 58. Rxc4 Ra1+ 59. Kh2 g4 60. Rc5+ Ke4 61. Rc8 Ke3 62. Rc3+ Kd4 63. Rb3 Rf1 64. Ra3 Re1 65. Rb3 Ke4 66. Ra3 Rd1 67. Rb3 Kf5 68. Rb5+ Kf6 69. Rb6+ Ke5 70. Rb5+ Ke4 71. Rb3 g3+ 72. Kh3 Rd8 73. Rb4+ Ke3 74. Rb3+ Rd3 75. Rb8 Rd1 76. Rb3+ Ke2 77. Rb4 Rh1+ 78. Kg4 Rf1 79. Re4+ Kd3 80. Rxf4 Rf2 81. Kxg3 Ra2 82. Kf3 Ra8 83. g4 Rg8 84. Rf5 1-0

[Event "ITA-chT GpB 54th"]
[Site "Bacoli"]
[Date "2023.04.27"]
[Round "4"]
[White "Cocchi, Andrea"]
[Black "Lanzani, Mario"]
[Result "1/2-1/2"]
[WhiteElo "2189"]
[BlackElo "2280"]
[PlyCount "28"]
[EventDate "2023.04.25"]
[EventType "team-tourn"]
[EventRounds "7"]
[EventCountry "ITA"]
[SourceTitle "CBM 213 Extra"]
[Source "ChessBase"]
[SourceDate "2023.05.31"]
[SourceVersion "1"]
[SourceVersionDate "2023.05.31"]
[SourceQuality "1"]
[WhiteTeam "Le Due Torri Volvo"]
[BlackTeam "Milan Accademia"]
[WhiteTeamCountry "ITA"]
[BlackTeamCountry "ITA"]

1. Nf3 Nf6 2. c4 c5 3. g3 g6 4. Bg2 Bg7 5. 0-0 d5 6. d4 cxd4 7. cxd5 Nxd5 8. Nxd4 0-0 9. Nb5 Be6 10. e4 Nb4 11. Qa4 N8c6 12. Rd1 Qa5 13. Qxa5 Nxa5 14. N1c3 Bc4 1/2-1/2

[Event "ITA-chT GpB 54th"]
[Site "Bacoli"]
[Date "2023.04.26"]
[Round "3"]
[White "Collutiis, Duilio"]
[Black "Cocchi, Andrea"]
[Result "1/2-1/2"]
[WhiteElo "2357"]
[BlackElo "2189"]
[PlyCount "55"]
[EventDate "2023.04.25"]
[EventType "team-tourn"]
[EventRounds "7"]
[EventCountry "ITA"]
[SourceTitle "CBM 213 Extra"]
[Source "ChessBase"]
[SourceDate "2023.05.31"]
[SourceVersion "1"]
[SourceVersionDate "2023.05.31"]
[SourceQuality "1"]
[WhiteTeam "Partenopea"]
[BlackTeam "Le Due Torri Volvo"]
[WhiteTeamCountry "ITA"]
[BlackTeamCountry "ITA"]

1. d4 Nf6 2. Bg5 d5 3. Bxf6 gxf6 4. e3 e6 5. c4 c5 6. Nc3 cxd4 7. exd4 Bb4 8. cxd5 Qxd5 9. Nf3 Nc6 10. Be2 Bd7 11. 0-0 Bxc3 12. bxc3 Ne7 13. Nd2 Bc6 14. Bf3 Qf5 15. Bxc6+ bxc6 16. Nc4 0-0 17. Ne3 Qg6 18. Rb1 Rab8 19. Rb3 Nd5 20. c4 Rxb3 21. axb3 Nc3 22. Qd2 Ne4 23. Qa5 Rb8 24. Qxa7 Rxb3 25. Qa8+ Kg7 26. Qxc6 Nd2 27. Rd1 Rb1 28. Qa4 1/2-1/2

[Event "Montesilvano Easter op 8th"]
[Site "Montesilvano"]
[Date "2023.04.10"]
[Round "5"]
[White "Paduano, Claudio"]
[Black "Cocchi, Andrea"]
[Result "0-1"]
[WhiteElo "2124"]
[BlackElo "2189"]
[PlyCount "53"]
[EventDate "2023.04.07"]
[EventType "swiss"]
[EventRounds "6"]
[EventCountry "ITA"]
[SourceTitle "CBM 213 Extra"]
[Source "ChessBase"]
[SourceDate "2023.05.31"]
[SourceVersion "1"]
[SourceVersionDate "2023.05.31"]
[SourceQuality "1"]

1. d4 Nf6 2. c4 e6 3. Nf3 b6 4. Nc3 Bb7 5. Bg5 Be7 6. e3 Ne4 7. Bxe7 Qxe7 8. Nxe4 Bxe4 9. Be2 0-0 10. 0-0 c5 11. Rc1 Rd8 12. Nd2 Bc6 13. Bd3 d5 14. Qe2 cxd4 15. exd4 dxc4 16. Rxc4 Bd5 17. Rc3 Nc6 18. Qg4 Qf6 19. Be4 Nxd4 20. Bxd5 Rxd5 21. Rfc1 Rad8 22. Rc7 Nb5 23. Ne4 Qf5 24. h3 Nxc7 25. Rxc7 Qe5 26. Rc1 f5 27. Qg5 0-1

[Event "Montesilvano Easter op 8th"]
[Site "Montesilvano"]
[Date "2023.04.07"]
[Round "1"]
[White "Bergamaschi, Elia"]
[Black "Cocchi, Andrea"]
[Result "0-1"]
[WhiteElo "1916"]
[BlackElo "2189"]
[PlyCount "122"]
[EventDate "2023.04.07"]
[EventType "swiss"]
[EventRounds "6"]
[EventCountry "ITA"]
[SourceTitle "CBM 213 Extra"]
[Source "ChessBase"]
[SourceDate "2023.05.31"]
[SourceVersion "1"]
[SourceVersionDate "2023.05.31"]
[SourceQuality "1"]

1. d4 Nf6 2. Nf3 e6 3. Bg5 c5 4. e3 h6 5. Bh4 b6 6. Bd3 Bb7 7. 0-0 Be7 8. Nbd2 cxd4 9. exd4 0-0 10. c3 d6 11. Qb3 Nbd7 12. Rfe1 Qc7 13. h3 Rfe8 14. Bg3 Rac8 15. Rac1 Bf8 16. Ne4 Bd5 17. Qc2 Red8 18. Bh2 Nxe4 19. Bxe4 Qc6 20. Bxd5 Qxd5 21. c4 Qa5 22. Qb1 d5 23. cxd5 Qxd5 24. a3 Be7 25. Ne5 Nf8 26. Red1 Bg5 27. f4 Bf6 28. b4 Bxe5 29. dxe5 Rxc1 30. Rxc1 Ng6 31. Rf1 Nh4 32. Qc2 Nf5 33. Qf2 Qb3 34. Qf3 Qc2 35. Bg3 Kh7 36. Bf2 Rd5 37. Re1 Rd2 38. g4 Ne7 39. Qe4+ Qxe4 40. Rxe4 Nd5 41. f5 Rd3 42. Kg2 Rxa3 43. Rc4 b5 44. Rc5 Nf4+ 45. Kg1 Nxh3+ 46. Kg2 Nf4+ 47. Kg1 Rf3 48. Rxb5 Nh3+ 49. Kg2 Rxf2+ 50. Kxh3 exf5 51. Kg3 Rf1 52. gxf5 Rxf5 53. Ra5 f6 54. Rxa7 Rxe5 55. Rb7 h5 56. b5 Kh6 57. b6 Rb5 58. Rb8 Kg5 59. b7 Rb3+ 60. Kg2 Kg4 61. Rg8 Rxb7 0-1

[Event "ITA-ch sf 81st"]
[Site "Acqui Terme"]
[Date "2022.06.18"]
[Round "8"]
[White "Cocchi, Andrea"]
[Black "Perossa, Nicolas"]
[Result "1-0"]
[WhiteElo "2205"]
[BlackElo "2088"]
[PlyCount "97"]
[EventDate "2022.06.12"]
[EventType "swiss"]
[EventRounds "9"]
[EventCountry "ITA"]
[SourceTitle "CBM 208 Extra"]
[Source "ChessBase"]
[SourceDate "2022.07.31"]
[SourceVersion "1"]
[SourceVersionDate "2022.07.31"]
[SourceQuality "1"]

1. Nf3 Nf6 2. c4 g6 3. Nc3 Bg7 4. d4 0-0 5. Bf4 d6 6. e3 Nh5 7. Bg5 h6 8. Bh4 g5 9. Nd2 Nf6 10. Bg3 Bf5 11. h3 Re8 12. Nf3 Nc6 13. d5 Nb8 14. Nd4 Bg6 15. Bd3 Bxd3 16. Qxd3 e5 17. Nf5 e4 18. Qe2 Na6 19. f4 Qd7 20. Nxg7 Kxg7 21. fxg5 hxg5 22. 0-0-0 Nc5 23. Rhf1 Nd3+ 24. Kb1 b5 25. Nxb5 Nxd5 26. cxd5 Qxb5 27. Be1 Qxd5 28. Qg4 f6 29. Bc3 Re5 30. Qd7+ Kg6 31. h4 gxh4 32. Qg4+ Kf7 33. Qxh4 f5 34. Qh7+ Ke6 35. g4 Rf8 36. Qxc7 Qb5 37. Rh1 Rf6 38. Qg7 Qd7 39. Qg8+ Qf7 40. Qc8+ Qd7 41. Qc4+ d5 42. Qd4 Qc7 43. g5 Rg6 44. Rh6 Rxh6 45. gxh6 f4 46. Rxd3 Rf5 47. Rd1 f3 48. Qg7 Qxg7 49. hxg7 1-0

[Event "ITA-ch sf 81st"]
[Site "Acqui Terme"]
[Date "2022.06.16"]
[Round "6"]
[White "Cocchi, Andrea"]
[Black "Giordani, Luca"]
[Result "1/2-1/2"]
[WhiteElo "2205"]
[BlackElo "1905"]
[PlyCount "102"]
[EventDate "2022.06.12"]
[EventType "swiss"]
[EventRounds "9"]
[EventCountry "ITA"]
[SourceTitle "CBM 208 Extra"]
[Source "ChessBase"]
[SourceDate "2022.07.31"]
[SourceVersion "1"]
[SourceVersionDate "2022.07.31"]
[SourceQuality "1"]

1. Nf3 Nf6 2. c4 g6 3. Nc3 Bg7 4. g3 0-0 5. Bg2 d6 6. 0-0 e5 7. d3 h6 8. Rb1 a5 9. a3 Nh5 10. d4 c6 11. Be3 Nd7 12. Ne4 d5 13. cxd5 cxd5 14. Nd6 e4 15. Ne5 Nxe5 16. dxe5 Bxe5 17. Nxc8 Rxc8 18. Bxh6 Re8 19. Qd2 Re6 20. Rfd1 Rd6 21. Rbc1 Rxc1 22. Rxc1 Ng7 23. Bg5 Qb6 24. b4 axb4 25. axb4 Qd4 26. Qxd4 Bxd4 27. e3 Ne6 28. Be7 Rd7 29. Bh4 Be5 30. g4 Bd6 31. Rd1 f5 32. gxf5 gxf5 33. Bh3 Ng7 34. b5 Kf7 35. Kh1 Be5 36. Bg3 Bxg3 37. hxg3 Kf6 38. g4 fxg4 39. Bxg4 Rd6 40. Kg2 Ke5 41. Rc1 Rg6 42. Kh3 Rh6+ 43. Kg2 Rg6 44. Kh3 Nf5 45. Rc8 Rb6 46. Re8+ Re6 47. Rxe6+ Kxe6 48. b6 Ke5 49. Bxf5 Kxf5 50. Kg3 Kg5 51. Kh3 Kh5 1/2-1/2

[Event "ITA-ch sf 81st"]
[Site "Acqui Terme"]
[Date "2022.06.15"]
[Round "5"]
[White "Floris, Federico"]
[Black "Cocchi, Andrea"]
[Result "1-0"]
[WhiteElo "1963"]
[BlackElo "2205"]
[PlyCount "69"]
[EventDate "2022.06.12"]
[EventType "swiss"]
[EventRounds "9"]
[EventCountry "ITA"]
[SourceTitle "CBM 208 Extra"]
[Source "ChessBase"]
[SourceDate "2022.07.31"]
[SourceVersion "1"]
[SourceVersionDate "2022.07.31"]
[SourceQuality "1"]

1. e4 c5 2. Nf3 d6 3. d4 Nf6 4. Nc3 cxd4 5. Nxd4 e6 6. g4 a6 7. g5 Nfd7 8. Be3 b5 9. a3 Bb7 10. Qd2 Nb6 11. 0-0-0 N8d7 12. f4 Rc8 13. f5 e5 14. Nf3 Nc4 15. Bxc4 Rxc4 16. Qd3 Be7 17. h4 Nc5 18. Bxc5 Rxc5 19. Rhg1 Qc7 20. h5 Kd8 21. g6 hxg6 22. hxg6 f6 23. Rh1 Rg8 24. Rh4 Kc8 25. Nd2 d5 26. exd5 Rxc3 27. bxc3 Bxa3+ 28. Kb1 Rd8 29. c4 Qa5 30. Nb3 Qb6 31. cxb5 axb5 32. Qc3+ Kb8 33. Qa5 Qxa5 34. Nxa5 Bxd5 35. Nc6+ 1-0

[Event "ITA-ch sf 81st"]
[Site "Acqui Terme"]
[Date "2022.06.14"]
[Round "3"]
[White "Caprino, Marco"]
[Black "Cocchi, Andrea"]
[Result "1/2-1/2"]
[WhiteElo "2071"]
[BlackElo "2205"]
[PlyCount "54"]
[EventDate "2022.06.12"]
[EventType "swiss"]
[EventRounds "9"]
[EventCountry "ITA"]
[SourceTitle "CBM 208 Extra"]
[Source "ChessBase"]
[SourceDate "2022.07.31"]
[SourceVersion "1"]
[SourceVersionDate "2022.07.31"]
[SourceQuality "1"]

1. e4 c5 2. Nc3 e6 3. Nge2 d6 4. g3 Nf6 5. Bg2 Nc6 6. d4 cxd4 7. Nxd4 Bd7 8. 0-0 Be7 9. Re1 a6 10. Nxc6 Bxc6 11. e5 dxe5 12. Bxc6+ bxc6 13. Qe2 Nd5 14. Qxe5 Bf6 15. Qe4 0-0 16. Na4 Qa5 17. c3 Rfd8 18. Be3 Nxe3 19. Rxe3 Bd4 20. cxd4 Qxa4 21. Ra3 Qxd4 22. Qxd4 Rxd4 23. Rc1 Rd6 24. Rb3 g5 25. Rb6 a5 26. Rbxc6 Rd2 27. R1c2 Rd5 1/2-1/2

[Event "ITA-ch sf 81st"]
[Site "Acqui Terme"]
[Date "2022.06.13"]
[Round "2"]
[White "Cocchi, Andrea"]
[Black "Barp, Alberto"]
[Result "0-1"]
[WhiteElo "2205"]
[BlackElo "2396"]
[PlyCount "74"]
[EventDate "2022.06.12"]
[EventType "swiss"]
[EventRounds "9"]
[EventCountry "ITA"]
[SourceTitle "CBM 208 Extra"]
[Source "ChessBase"]
[SourceDate "2022.07.31"]
[SourceVersion "1"]
[SourceVersionDate "2022.07.31"]
[SourceQuality "1"]

1. Nf3 Nf6 2. g3 d5 3. Bg2 c5 4. d3 Nc6 5. Nbd2 g6 6. 0-0 Bg7 7. c3 0-0 8. Qc2 e5 9. e4 h6 10. a3 a5 11. a4 Be6 12. exd5 Nxd5 13. Re1 Qc7 14. Nc4 Rfd8 15. Qe2 Re8 16. Bd2 f6 17. Be3 b6 18. Na3 Rad8 19. Nd2 Bf7 20. Ndc4 Qb8 21. Qc2 f5 22. Rad1 g5 23. Qb3 g4 24. Bc1 Rd7 25. f3 h5 26. Bg5 f4 27. gxf4 exf4 28. fxg4 hxg4 29. Be4 Ne5 30. Qb5 Qc7 31. Kh1 g3 32. Bf5 Be6 33. Nxe5 Bxe5 34. Bxe6+ Rxe6 35. Nc4 f3 36. hxg3 Rh7+ 37. Kg1 Bd4+ 0-1

[Event "ITA-ch sf 81st"]
[Site "Acqui Terme"]
[Date "2022.06.12"]
[Round "1"]
[White "Liloni, Francesco Mattia"]
[Black "Cocchi, Andrea"]
[Result "0-1"]
[WhiteElo "1931"]
[BlackElo "2205"]
[PlyCount "86"]
[EventDate "2022.06.12"]
[EventType "swiss"]
[EventRounds "9"]
[EventCountry "ITA"]
[SourceTitle "CBM 208 Extra"]
[Source "ChessBase"]
[SourceDate "2022.07.31"]
[SourceVersion "1"]
[SourceVersionDate "2022.07.31"]
[SourceQuality "1"]

1. e4 c6 2. Nc3 d5 3. Nf3 dxe4 4. Nxe4 Nf6 5. Qe2 Bf5 6. Nxf6+ gxf6 7. d4 e6 8. c3 Nd7 9. Nh4 Bg6 10. g4 Bd6 11. f4 0-0 12. Be3 Be4 13. Rg1 Kh8 14. Bf2 f5 15. g5 Bxf4 16. Qh5 Rg8 17. g6 fxg6 18. Nxg6+ Rxg6 19. Rxg6 Qe8 20. Rg5 Bxg5 21. Qxg5 Qf7 22. 0-0-0 f4 23. d5 cxd5 24. Bd4+ e5 25. Bxe5+ Nxe5 26. Qxe5+ Qg7 27. Qxf4 Rf8 28. Qd2 Rf3 29. Bb5 a6 30. Be2 Rh3 31. Bf1 Rf3 32. Be2 Rf2 33. Qe3 Rxh2 34. Rf1 Rg2 35. Kd1 h6 36. Bd3 Bxd3 37. Qxd3 Qg4+ 38. Kc1 Qg5+ 39. Kd1 Rxb2 40. Qd4+ Kg8 41. Rf4 Rg2 42. Qe3 Qg6 43. Rb4 Qh5+ 0-1

[Event "ITA-chTB 52nd"]
[Site "Montesilvano"]
[Date "2021.09.21"]
[Round "3.4"]
[White "Cocchi, Andrea"]
[Black "Pasini, Nicolo"]
[Result "0-1"]
[WhiteElo "2222"]
[BlackElo "2239"]
[PlyCount "128"]
[EventDate "2021.09.20"]
[EventType "team-tourn"]
[EventRounds "7"]
[EventCountry "ITA"]
[SourceTitle "CBM 204 Extra"]
[Source "ChessBase"]
[SourceDate "2021.11.30"]
[SourceVersion "1"]
[SourceVersionDate "2021.11.30"]
[SourceQuality "1"]
[WhiteTeam "Le Due Torri Volvo"]
[BlackTeam "Chieti"]
[WhiteTeamCountry "ITA"]
[BlackTeamCountry "ITA"]

1. Nf3 c5 2. b3 Nf6 3. Bb2 d6 4. d4 cxd4 5. Nxd4 g6 6. e3 Bg7 7. Bb5+ Bd7 8. Bxd7+ Qxd7 9. c4 d5 10. Nd2 0-0 11. 0-0 Nc6 12. Qe2 Rfd8 13. Rfd1 Nxd4 14. Bxd4 Qe6 15. Rac1 Rac8 16. cxd5 Nxd5 17. Nf3 Rxc1 18. Rxc1 Nf4 19. Qc4 Bxd4 20. exf4 Qxc4 21. Rxc4 Bb6 22. Rc1 f6 23. Kf1 Kf7 24. Ke2 Ke6 25. a4 Rd6 26. Nd2 Rc6 27. Nc4 Bc7 28. Kf3 a6 29. Re1+ Kd7 30. Re3 b5 31. Rd3+ Bd6 32. axb5 axb5 33. Ne5+ fxe5 34. fxe5 Rc2 35. h4 Kc6 36. exd6 exd6 37. g4 d5 38. Ke3 Kc5 39. h5 gxh5 40. gxh5 b4 41. h6 Rb2 42. f3 Rh2 43. Kf4 Rxh6 44. Ke5 Rh5+ 45. Ke6 d4 46. f4 Rh1 47. f5 Re1+ 48. Kd7 Re3 49. Rd1 Rf3 50. Ke6 Re3+ 51. Kd7 Rxb3 52. Rf1 Ra3 53. f6 Ra7+ 54. Ke6 d3 55. f7 Rxf7 56. Rxf7 b3 57. Ke5 b2 58. Rf1 Kc4 59. Ke4 Kc3 60. Ke3 d2 61. Ke2 h5 62. Rb1 h4 63. Rh1 Kc2 64. Rd1 b1Q 0-1

[Event "Bratto op 36th"]
[Site "Bratto"]
[Date "2016.08.28"]
[Round "9"]
[White "Song, Julien"]
[Black "Cocchi, Andrea"]
[Result "1-0"]
[WhiteElo "2331"]
[BlackElo "2198"]
[PlyCount "95"]
[EventDate "2016.08.20"]
[EventType "swiss"]
[EventRounds "9"]
[EventCountry "ITA"]
[SourceTitle "CBM 174 Extra"]
[Source "ChessBase"]
[SourceDate "2016.10.10"]
[SourceVersion "1"]
[SourceVersionDate "2016.10.10"]
[SourceQuality "1"]

1. e4 c5 2. Nf3 d6 3. Bb5+ Bd7 4. Bxd7+ Qxd7 5. c4 Nc6 6. Nc3 Nf6 7. d4 cxd4 8. Nxd4 e6 9. 0-0 Be7 10. Nc2 0-0 11. b3 Rfd8 12. Ne3 a6 13. a4 b6 14. Ra2 Qb7 15. Ba3 Rab8 16. f3 Na7 17. Rd2 Ne8 18. b4 b5 19. cxb5 axb5 20. a5 Rbc8 21. Qb3 Bg5 22. Rd3 Nc6 23. f4 Bf6 24. Ne2 Ne7 25. Ng3 Bh4 26. f5 e5 27. Ng4 Nf6 28. Nxf6+ Bxf6 29. Rfd1 Qc6 30. Bb2 Qa6 31. h3 Rc4 32. Kh2 Qc6 33. Rc3 d5 34. exd5 Rxd5 35. Rxc4 bxc4 36. Qc2 h6 37. Ra1 Bg5 38. Bc1 Qa6 39. Bxg5 hxg5 40. Rc1 Qb7 41. Qxc4 Rd4 42. a6 Qa8 43. Qb5 Rd8 44. Qxe5 Nd5 45. Rd1 Nxb4 46. Nh5 f6 47. Qe7 Qb8+ 48. g3 1-0

[Event "Bratto op 36th"]
[Site "Bratto"]
[Date "2016.08.27"]
[Round "8"]
[White "Cocchi, Andrea"]
[Black "Inkiov, Ventzislav"]
[Result "1/2-1/2"]
[WhiteElo "2198"]
[BlackElo "2465"]
[PlyCount "144"]
[EventDate "2016.08.20"]
[EventType "swiss"]
[EventRounds "9"]
[EventCountry "ITA"]
[SourceTitle "CBM 174 Extra"]
[Source "ChessBase"]
[SourceDate "2016.10.10"]
[SourceVersion "1"]
[SourceVersionDate "2016.10.10"]
[SourceQuality "1"]

1. c4 Nf6 2. Nf3 e6 3. d4 d5 4. e3 c5 5. cxd5 exd5 6. Bb5+ Nc6 7. Ne5 Bd7 8. Nxd7 Qxd7 9. 0-0 c4 10. b3 a6 11. Bxc6 Qxc6 12. bxc4 Qxc4 13. Nd2 Qc6 14. Qb3 b5 15. Ba3 Bxa3 16. Qxa3 Qb6 17. Rfc1 Qb7 18. Qd6 Rd8 19. Qc5 h5 20. a4 Nd7 21. Qb4 Rh6 22. Nb3 Rb8 23. Nc5 Nxc5 24. Rxc5 bxa4 25. Qxa4+ Kf8 26. Rac1 Kg8 27. h3 Rf6 28. Rc7 Qb2 29. R1c2 Qb1+ 30. Rc1 Qb2 31. R7c2 Qb5 32. Qa2 Kh7 33. Rc5 Qb2 34. R1c2 Qxa2 35. Rxa2 Rb5 36. Rc7 Rb1+ 37. Kh2 Rf1 38. Rc5 R1xf2 39. Rxf2 Rxf2 40. Rxd5 g6 41. Ra5 Rf6 42. Kg3 Kg7 43. h4 Kf8 44. e4 Rd6 45. d5 f6 46. Kf4 Rb6 47. Ra4 Ke7 48. e5 fxe5+ 49. Kxe5 Rb2 50. g3 Rb6 51. Ra3 Kd7 52. Rf3 Ke7 53. Ra3 Kd7 54. Ra1 Ke7 55. Ra4 Kd7 56. Ra3 Ke7 57. Kd4 Rb4+ 58. Kc5 Rg4 59. Rxa6 Rxg3 60. Ra7+ Ke8 61. Kd6 Rg4 62. Ke6 Re4+ 63. Kf6 Rxh4 64. Kxg6 Rh1 65. Kg5 h4 66. Kg4 Kd8 67. Rh7 Rd1 68. Rxh4 Rd4+ 69. Kg3 Rxh4 70. Kxh4 Kd7 71. Kh3 Kd6 72. Kg2 Kxd5 1/2-1/2

[Event "Padova op-A 18th"]
[Site "Padova"]
[Date "2015.12.20"]
[Round "9.20"]
[White "Cocchi, Andrea"]
[Black "Redo, Giorgio"]
[Result "1-0"]
[WhiteElo "2251"]
[BlackElo "2055"]
[PlyCount "65"]
[EventDate "2015.12.13"]
[EventType "swiss"]
[EventRounds "9"]
[EventCountry "ITA"]
[SourceTitle "EXT 2024"]
[Source "ChessBase"]
[SourceDate "2023.10.10"]
[SourceVersion "1"]
[SourceVersionDate "2023.10.10"]
[SourceQuality "1"]

1. Nf3 f5 2. g3 Nf6 3. Bg2 d5 4. c4 d4 5. b4 c5 6. Bb2 Nc6 7. b5 Na5 8. d3 Qd6 9. Qa4 b6 10. Nxd4 cxd4 11. Bxa8 e5 12. Bg2 e4 13. c5 Qxc5 14. 0-0 Bd7 15. Bxd4 Qd6 16. dxe4 Nxe4 17. Rd1 Qe6 18. Nc3 a6 19. Nxe4 fxe4 20. Qc2 Bxb5 21. Bxe4 Nc4 22. a4 Bd7 23. Bf3 h5 24. Rac1 b5 25. axb5 axb5 26. Qe4 Kf7 27. Qb7 Nd6 28. Qa8 Kg6 29. Bc5 Nc8 30. Qe4+ Kh6 31. Qf4+ g5 32. Bxf8+ Kh7 33. Qxg5 1-0

[Event "Padova op-A 18th"]
[Site "Padova"]
[Date "2015.12.18"]
[Round "7.13"]
[White "Cocchi, Andrea"]
[Black "Solomon, Kenny"]
[Result "0-1"]
[WhiteElo "2251"]
[BlackElo "2215"]
[PlyCount "66"]
[EventDate "2015.12.13"]
[EventType "swiss"]
[EventRounds "9"]
[EventCountry "ITA"]
[SourceTitle "EXT 2024"]
[Source "ChessBase"]
[SourceDate "2023.10.10"]
[SourceVersion "1"]
[SourceVersionDate "2023.10.10"]
[SourceQuality "1"]

1. Nf3 Nf6 2. c4 c5 3. g3 b6 4. Bg2 Bb7 5. 0-0 e6 6. Nc3 a6 7. d4 cxd4 8. Qxd4 Nc6 9. Qf4 Ne7 10. Rd1 Ng6 11. Qd4 Bc5 12. Qd3 Ng4 13. e3 N4e5 14. Qe2 Qc7 15. b3 0-0 16. Bb2 Nxf3+ 17. Bxf3 Bxf3 18. Qxf3 f5 19. Na4 Be7 20. Rac1 Rab8 21. Rd2 Rf7 22. Qd1 Bf8 23. f4 Qb7 24. Bd4 Qc6 25. Kf2 Bb4 26. Rd3 h6 27. Nc3 d6 28. Qh5 Kh7 29. Nb1 e5 30. Bb2 Qe4 31. Rd5 exf4 32. gxf4 Bc5 33. Qf3 Nxf4 0-1